00446nam a2200169Ia 4500003000400000005001700004008004100021020001800062040000700080041000800087082001900095100001900114245007400133260004000207300001600247365001300263OSt20230427092041.0210423s2012 xx 000 0 und d a9780393926361 cAL aeng a651.7 QUBH223 aQUBEIN (Nido). aHow to be a great communicator: in person on paper and on the podium. aNew DelhibViva Books Pvt Ltdc2012 axii,292bPB b325cINR